LEADER 02656nam 22006134a 450 001 9910451890703321 005 20200520144314.0 010 $a0-8018-8890-5 035 $a(CKB)1000000000482233 035 $a(OCoLC)232160470 035 $a(CaPaEBR)ebrary10188532 035 $a(SSID)ssj0000144591 035 $a(PQKBManifestationID)11150751 035 $a(PQKBTitleCode)TC0000144591 035 $a(PQKBWorkID)10146227 035 $a(PQKB)10155883 035 $a(MiAaPQ)EBC3318330 035 $a(MdBmJHUP)muse2527 035 $a(Au-PeEL)EBL3318330 035 $a(CaPaEBR)ebr10188532 035 $a(OCoLC)923193640 035 $a(EXLCZ)991000000000482233 100 $a20050707d2006 uy 0 101 0 $aeng 135 $aurcn||||||||| 181 $ctxt 182 $cc 183 $acr 200 04$aThe effects of estrogen on brain function$b[electronic resource] /$fedited by Natalie L. Rasgon 210 $aBaltimore $cJohns Hopkins University Press$d2006 215 $a1 online resource (181 p.) 300 $aBibliographic Level Mode of Issuance: Monograph 311 $a0-8018-8282-6 320 $aIncludes bibliographical references and index. 327 $aPreclinical data relating to estrogen's effects on cognitive performance / Robert B. Gibbs -- The short-lived effects of hormone therapy on cognitive function / Eva Hogervorst -- Clinical data from structural and functional brain imaging on estrogen's effects in the central nervous system / Daniel H.S. Silverman, Cheri L. Geist, and Natalie L. Rasgon -- Clinical data on estrogen's effects on mood / Natalie L. Rasgon, Laurel N. Zappert, and Katherine E. Williams -- Preclinical efforts to develop effective neuroSERMs for the brain / Roberta Diaz Brinton and Liqin Zhao -- Basic and clinical data on the effects of SERMs on cognition / Kristine Yaffe, Pauline M. Maki, and Peter J. Schmidt. 606 $aCognition disorders$xEndocrine aspects 606 $aEstrogen$xTherapeutic use$xComplications 606 $aBrain$xEffect of drugs on 606 $aMenopause$xHormone therapy$xComplications 608 $aElectronic books. 615 0$aCognition disorders$xEndocrine aspects. 615 0$aEstrogen$xTherapeutic use$xComplications. 615 0$aBrain$xEffect of drugs on. 615 0$aMenopause$xHormone therapy$xComplications. 676 $a616.8/0461 686 $a77.50$2bcl 701 $aRasgon$b Natalie L$0902801 801 0$bMiAaPQ 801 1$bMiAaPQ 801 2$bMiAaPQ 906 $aBOOK 912 $a9910451890703321 996 $aThe effects of estrogen on brain function$92018143 997 $aUNINA LEADER 01219nam0 22003011i 450 001 UON00199395 005 20231205103246.196 010 $a39-234-7534-6 100 $a20030730d1996 |0itac50 ba 101 $ager 102 $aDE 105 $a|||| ||||| 200 1 $a"Selbstbildnisse zu Hanno's Tod" (1972)$fHorst Janssen$gmit einem Essay von Gerhard Schack 205 $aLübeck : Kunsthaus Lübeck$bHeinrich-und-Thomas-Mann-Zentrum 210 $a[40] c.$ctav. ; 21 cm 215 $aCont.: 23 Radierungen nach einem Kapitel aus Thomas Manns "Buddenbrooks". 606 $aMANN THOMAS$3UONC040204$2FI 620 $aDE$dLübeck$3UONL003402 676 $a833$cLetteratura narrativa tedesca$v21 700 1$aJANSSEN$bHorst$3UONV118855$0478517 701 1$aSCHACK$bGerhard$3UONV118856$0679787 712 $aKunsthaus$3UONV266946$4650 801 $aIT$bSOL$c20240220$gRICA 899 $aSIBA - SISTEMA BIBLIOTECARIO DI ATENEO$2UONSI 912 $aUON00199395 950 $aSIBA - SISTEMA BIBLIOTECARIO DI ATENEO$dSI TED 25 II MAN JAN $eSI LO 60236 5 996 $a"Selbstbildnisse zu Hanno's Tod" (1972$91252791 997 $aUNIOR